000 00616nam a2200205Ia 4500
003 GCL
008 140319s9999 xx 000 0 ara d
040 _aGCL /
_cGCL
082 0 4 _a621.366
_bهـ ل
100 1 _aهارتمان , فرانسيس
245 1 0 _aالليزر /
_cهارتمان , فرانسيس
700 1 _aنبيل صبرى
260 _a[S.N] :
_bدار المستقبل العربى ،
_c1909
300 _a111 ص
490 _aالمكتبة العالمية
_v0
650 0 4 _aاشعة ليزر
650 0 4 _aالفيزياء
650 0 4 _aالمواد المليزرة
942 _2ddc
_cBK
999 _c35135
_d35135